000 00733nam a2200229Ii 4500
003 JO-AjNU
008 230605s9999||||xx |||||||||||||| ||und||
017 _a1999/10213
020 _a977-01-6307-4
040 _aJO-AjNU
_bara
_erda
_cJO-AjNU
041 _aara
050 1 4 _aPJ7842.A6.R54 1999
100 3 _aتأليف كنفاني،غسان,
_eauthor
_913958
245 0 0 _aرجال في الشمس
264 3 1 _aالقاهرة:مكتبة الأسرة،1999 ؛ مهرجان القراءة للجميع 1999
300 _a111ص
336 _atext
_btxt
_2rdacontent
337 _aunmediated
_bn
_2rdamedia
338 _avolume
_bnc
_2rdacarrier
490 0 _aسلسلة الروائع
650 4 _aالأدب العربي
_913959
999 _aA3608
_c7176
_d7176